000 00216nam a22000857a 4500
008 170202b xxu||||| |||| 00| 0 eng d
100 _92744
_aCBSE
245 _aSocial Science-Q.B.IX-T-II
260 _aNew Delhi
_bOswall
_c2010
999 _c5925
_d5925